Normal view
MARC view
- NUST
Entry Personal Name
001 - CONTROL NUMBER
- control field: 1483
003 - CONTROL NUMBER IDENTIFIER
- control field: NUST
005 - DATE AND TIME OF LATEST TRANSACTION
- control field: 20170526171737.0
008 - FIXED-LENGTH DATA ELEMENTS
- fixed length control field: 170526|| aca||aabn | a|a d
040 ## - CATALOGING SOURCE
- Original cataloging agency: NUST
- Transcribing agency: NUST
100 ## - HEADING--PERSONAL NAME
- Personal name: NUST
670 ## - SOURCE DATA FOUND
- Source citation: Work cat.: (NUST): NUST, Memorandum of Understanding Between NUST And Other International Universities (Till February,2017), cFeb,2017
